Statistics for World Capitals by Initial Letter-Continent Combination

Click here to take the quiz!

General Stats

  • This quiz has been taken 1,281 times
  • The average score is 42 of 84

Answer Stats

CapitalsFull names% Correct
Belgrade, Berlin, Bern, Bratislava, Brussels, Bucharest, Budapest..Belgrade, Berlin, Bern, Bratislava, Brussels, Bucharest, Budapest
92%
Baghdad, Baku, Bandar Seri Begawan, Bangkok, Beijing, Beirut, Bishkek..Baghdad, Baku, Bandar Seri Begawan, Bangkok, Beijing, Beirut, Bishkek
88%
Abuja, Accra, Addis Ababa, Algiers, Antananarivo, Asmara..Abuja, Accra, Addis Ababa, Algiers, Antananarivo, Asmara
87%
Amsterdam, Andorra la Vella, Athens..Amsterdam, Andorra la Vella, Athens
86%
Bogotá, Brasília, Buenos Aires..Bogotá, Brasília, Buenos Aires
86%
Cairo, Cape Town, Conakry, Cotonou..Cairo, Cape Town, Conakry, Cotonou
81%
Lisbon, Ljubljana, London, Luxembourg..Lisbon, Ljubljana, London, Luxembourg
78%
Madrid, Minsk, Monaco, Moscow..Madrid, Minsk, Monaco, Moscow
78%
Abu Dhabi, Amman, Ankara, Ashgabat, Astana..Abu Dhabi, Amman, Ankara, Ashgabat, Astana
77%
Paris, Podgorica, Prague, Pristina..Paris, Podgorica, Prague, Pristina
74%
CanberraCanberra
73%
Washington D.C.Washington D.C.
73%
Taipei, Tashkent, Tbilisi, Tehran, Thimphu, Tokyo..Taipei, Tashkent, Tbilisi, Tehran, Thimphu, Tokyo
72%
Damascus, Dhaka, Dili, Doha, Dushanbe..Damascus, Dhaka, Dili, Doha, Dushanbe
68%
OttawaOttawa
67%
Reykjavík, Riga, Rome..Reykjavík, Riga, Rome
67%
Dakar, Djibouti, Dodoma..Dakar, Djibouti, Dodoma
66%
Managua, Mexico City..Managua, Mexico City
66%
Vaduz, Valletta, Vatican City, Vienna, Vilnius..Vaduz, Valletta, Vatican City, Vienna, Vilnius
66%
Bamako, Bangui, Banjul, Bissau, Bloemfontein, Brazzaville, Bujumbura..Bamako, Bangui, Banjul, Bissau, Bloemfontein, Brazzaville, Bujumbura
65%
San Marino, Sarajevo, Skopje, Sofia, Stockholm..San Marino, Sarajevo, Skopje, Sofia, Stockholm
64%
Jakarta, JerusalemJakarta, Jerusalem
63%
La Paz, LimaLa Paz, Lima
62%
WellingtonWellington
62%
Chișinău, Copenhagen..Chișinău, Copenhagen
61%
Kabul, Kathmandu, Kuala Lumpur, Kuwait City..Kabul, Kathmandu, Kuala Lumpur, Kuwait City
60%
AsunciónAsunción
59%
CaracasCaracas
59%
Malé, Manama, Manila, Muscat..Malé, Manama, Manila, Muscat
59%
Sana'a, Seoul, Singapore, Sri Jayawardenapura..Sana'a, Seoul, Singapore, Sri Jayawardenapura
59%
OsloOslo
58%
Basseterre, Belmopan, Bridgetown..Basseterre, Belmopan, Bridgetown
57%
Santiago, SucreSantiago, Sucre
56%
HelsinkiHelsinki
55%
Panama City, Port-au-Prince, Port-of-Spain..Panama City, Port-au-Prince, Port-of-Spain
55%
QuitoQuito
55%
DublinDublin
54%
Kampala, Khartoum, Kigali, Kinshasa..Kampala, Khartoum, Kigali, Kinshasa
53%
Naypyidaw, New Delhi, Nicosia..Naypyidaw, New Delhi, Nicosia
53%
Saint George's, Saint John's, San José, San Salvador, Santo Domingo..Saint George's, Saint John's, San José, San Salvador, Santo Domingo
53%
ApiaApia
52%
Libreville, Lilongwe, Lomé, Luanda, Lusaka..Libreville, Lilongwe, Lomé, Luanda, Lusaka
51%
Nairobi, N'Djamena, Niamey, Nouakchott..Nairobi, N'Djamena, Niamey, Nouakchott
49%
IslamabadIslamabad
48%
Port Louis, Porto-Novo, Praia, Pretoria..Port Louis, Porto-Novo, Praia, Pretoria
48%
HavanaHavana
47%
Malabo, Maputo, Maseru, Mbabane, Mogadishu, Monrovia, Moroni..Malabo, Maputo, Maseru, Mbabane, Mogadishu, Monrovia, Moroni
47%
ZagrebZagreb
46%
Tallinn, TiranaTallinn, Tirana
45%
GeorgetownGeorgetown
43%
Kingston, KingstownKingston, Kingstown
43%
MontevideoMontevideo
43%
Palikir, Port Moresby, Port Vila..Palikir, Port Moresby, Port Vila
43%
WarsawWarsaw
42%
HanoiHanoi
40%
KievKiev
40%
Phnom Penh, Pyongyang..Phnom Penh, Pyongyang
39%
South Tarawa, SuvaSouth Tarawa, Suva
39%
Guatemala CityGuatemala City
38%
FunafutiFunafuti
37%
Tripoli, TunisTripoli, Tunis
37%
UlaanbaatarUlaanbaatar
37%
ParamariboParamaribo
35%
CastriesCastries
33%
JubaJuba
33%
RiyadhRiyadh
33%
FreetownFreetown
32%
HarareHarare
32%
YerevanYerevan
32%
HoniaraHoniara
30%
RabatRabat
30%
TegucigalpaTegucigalpa
28%
YarenYaren
28%
Ngerulmud, Nukuʻalofa..Ngerulmud, Nukuʻalofa
27%
WindhoekWindhoek
27%
GaboroneGaborone
26%
Yamoussoukro, Yaoundé..Yamoussoukro, Yaoundé
26%
NassauNassau
25%
VientianeVientiane
25%
MajuroMajuro
23%
OuagadougouOuagadougou
23%
RoseauRoseau
21%
São ToméSão Tomé
18%
VictoriaVictoria
16%

Score Distribution

Percentile by Number Answered

Percent of People with Each Score

Your Score History

You have not taken this quiz